|
|
|
|
| LEADER |
00000cam a2200000 4500 |
| 001 |
vtls012226238 |
| 003 |
SK-MaSNL |
| 005 |
20260301105704.0 |
| 008 |
230327s2022 xo l erf 000 0 slo |
| 015 |
|
|
|a SNBA2023/05
|
| 020 |
|
|
|a 9788097379575
|q (brožované)
|
| 040 |
|
|
|a SNK
|b slo
|c SNK
|e rda
|
| 041 |
0 |
|
|a slo
|
| 044 |
|
|
|a xo
|c SK
|
| 072 |
|
7 |
|a 336.1/.5
|x Verejné financie
|2 konspekt
|
| 080 |
|
|
|a 377.091.274/.276
|2 2011
|
| 080 |
|
|
|a 336.22:659.23
|2 2011
|
| 080 |
|
|
|a [336.22:659.23]-051
|2 2011
|
| 080 |
|
|
|a (079.1)
|2 2011
|
| 080 |
|
|
|a (035)
|2 2011
|
| 245 |
0 |
0 |
|a Otázky a odpovede zo skúšok daňových poradcov 2019-2022
|b (s riešeniami)
|
| 264 |
|
1 |
|a [Bratislava]
|b [Akadémia daňových poradcov]
|c [2022]
|
| 300 |
|
|
|a 121 strán
|b tabuľky
|c 30 cm
|
| 336 |
|
|
|a text
|b txt
|2 rdacontent
|
| 337 |
|
|
|a bez média
|b n
|2 rdamedia
|
| 338 |
|
|
|a zväzok
|b nc
|2 rdacarrier
|
| 500 |
|
|
|a Vydavateľské údaje podľa NA ISBN
|
| 500 |
|
|
|a Názov z obalu
|
| 648 |
|
7 |
|a 2019-2022
|2 SNKPH
|9 446387
|
| 650 |
0 |
7 |
|a daňové poradenstvo
|2 SNKPH
|9 69630
|
| 650 |
0 |
7 |
|a daňoví poradcovia
|2 SNKPH
|9 78641
|
| 650 |
0 |
7 |
|a odborné skúšky
|2 SNKPH
|9 86923
|
| 650 |
0 |
7 |
|a Tax consulting services
|2 SNKPHeng
|9 319911
|
| 650 |
0 |
7 |
|a Tax consultants
|2 SNKPHeng
|9 319912
|
| 650 |
0 |
7 |
|a Vocational examinations
|2 SNKPHeng
|9 319913
|
| 655 |
|
7 |
|a testy
|2 SNKPH
|9 70500
|
| 655 |
|
7 |
|a príručky
|2 SNKPH
|9 74364
|
| 655 |
|
7 |
|a Tests
|2 SNKPHeng
|9 303179
|
| 655 |
|
7 |
|a Handbooks, manuals, etc.
|2 SNKPHeng
|9 90964
|
| 852 |
|
|
|a Slovenská národná knižnica
|
| 919 |
|
|
|a 978-80-973795-7-5
|
| 954 |
|
|
|a odborná, vedecká literatúra pôvodná (slovenská)
|2 lita
|
| 999 |
|
|
|c 701488
|d 703418
|
| 952 |
|
|
|a SNK
|b SNK
|y PREZ
|7 0
|p 17A1526952
|o snkSB 98928
|i snk2023/5198
|8 0
|0 0
|1 0
|4 0
|d 2023-03-27
|f 1
|l 0
|r 2025-05-19 00:00:00
|w 2026-02-23
|
| 952 |
|
|
|a SNK
|b SNK
|y VYP
|7 0
|p 17A1526953
|o snkSB 98928 D1
|i snk2023/5199
|8 0
|0 0
|1 0
|4 0
|d 2023-03-27
|l 0
|r 2026-02-23 21:00:12
|w 2026-02-23
|